Word Ladder: Talk Like A Pirate! Quiz Stats

 Plays Quiz not verified by Sporcle

Challenge
Share
Tweet
Embed
Score 0/9 Timer 01:00
0 Plays Today
Hint 1-Letter Word % Correct
A pirate’s favorite wordR
100%
A pirate ship sails the high _sC
100%
Morale is low. Hand me that cat-_’-nine-tailsO
91.8%
_ marks the spotX
91.8%
Words on the edge of a map: Here there _ monsters.B
87.8%
“_, _, cap’n!”I
83.7%
When ye walk the plank, form an orderly _, and no cutting in or ye go to the backQ
79.6%
“But _ is the rum gone?”Y
75.5%
Pirates never drink _. We prefer grog.T
73.5%

You're not logged in!

Compare scores with friends on all Sporcle quizzes.
OR
Log In

You Might Also Like...

Show Comments

Extras

Top Quizzes Today


Score Distribution

Your Account Isn't Verified!

In order to create a playlist on Sporcle, you need to verify the email address you used during registration. Go to your Sporcle Settings to finish the process.

Report this User

Report this user for behavior that violates our Community Guidelines.

Details: